Storms / (Record no. 397)

MARC details
000 -LEADER
fixed length control field 01440nam a22003377a 4500
001 - CONTROL NUMBER
control field 397
003 - CONTROL NUMBER IDENTIFIER
control field FISKH
005 - DATE AND TIME OF LATEST TRANSACTION
control field 20230704150231.0
008 - FIXED-LENGTH DATA ELEMENTS--GENERAL INFORMATION
fixed length control field 230406b cb ||||| |||| 00| 0 eng d
020 ## - INTERNATIONAL STANDARD BOOK NUMBER
International Standard Book Number 9781426303944 (pbk. : alk. paper)
020 ## - INTERNATIONAL STANDARD BOOK NUMBER
International Standard Book Number 1426303947 (pbk. : alk. paper)
020 ## - INTERNATIONAL STANDARD BOOK NUMBER
International Standard Book Number 9781426303951 (lib. bdg. : alk. paper)
020 ## - INTERNATIONAL STANDARD BOOK NUMBER
International Standard Book Number 1426303955 (lib. bdg. : alk. paper)
035 ## - SYSTEM CONTROL NUMBER
System control number (OCoLC)ocn236339968
040 ## - CATALOGING SOURCE
Original cataloging agency DLC
Transcribing agency DLC
Modifying agency IG#
-- BTCTA
-- BAKER
-- GSN
-- UPZ
-- Q2Z
-- VP@
-- DLC
-- FISKH
Language of cataloging eng
050 00 - LIBRARY OF CONGRESS CALL NUMBER
Classification number QC941.3
Item number .G65 2009
082 00 - DEWEY DECIMAL CLASSIFICATION NUMBER
Classification number 551.55
Edition number 22
100 1# - MAIN ENTRY--PERSONAL NAME
Personal name Busch, Miriam.
245 10 - TITLE STATEMENT
Title Storms /
Statement of responsibility, etc. Miriam Busch Goin.
260 ## - PUBLICATION, DISTRIBUTION, ETC.
Place of publication, distribution, etc. Washington, D.C. :
Name of publisher, distributor, etc. National Geographic,
Date of publication, distribution, etc. 2009.
300 ## - PHYSICAL DESCRIPTION
Extent 32 p. :
Other physical details col. ill. ;
Dimensions 24 cm.
490 0# - SERIES STATEMENT
Series statement National Geographic readers. Level 1.
505 ## - FORMATTED CONTENTS NOTE
Formatted contents note H
520 ## - SUMMARY, ETC.
Summary, etc. Looks at all the big storms created by Mother Nature run amuk--from lightning and thunder to monsoons, hurricanes, and tornadoes. Features superlatives, jokes, and best of all, the incredible photographs available only from National Geographic.
521 8# - TARGET AUDIENCE NOTE
Target audience note 500 <br/>
Source Lexile
521 8# - TARGET AUDIENCE NOTE
Target audience note H <br/>
Source Raz-Plus
650 #0 - SUBJECT ADDED ENTRY--TOPICAL TERM
Topical term or geographic name entry element Storms
Form subdivision Juvenile literature.
906 ## - LOCAL DATA ELEMENT F, LDF (RLIN)
a 7
b cbc
c orignew
d 1
e ecip
f 20
g y-gencatlg
942 ## - ADDED ENTRY ELEMENTS (KOHA)
Source of classification or shelving scheme Dewey Decimal Classification
Koha item type Books
Suppress in OPAC No
Holdings
Withdrawn status Lost status Source of classification or shelving scheme Damaged status Not for loan Collection Home library Current library Shelving location Date acquired Total Checkouts Full call number Barcode Date last seen Date last checked out Copy number Price effective from Koha item type
Withdrawn   Dewey Decimal Classification Damaged   Non-Fiction Footprints International School Library Network Toul Kork Campus Footprints International School Library Network Toul Kork Campus TK Primary Library Room(4th Floor), Bookcase 3&4, Shelves 17-32, Yellow Books 04/06/2023 5 GOI 551.55 QC941.G65 FISBK02598 03/14/2025 12/09/2024 2 04/06/2023 Books
    Dewey Decimal Classification     Non-Fiction Footprints International School Library Network Toul Kork Campus Footprints International School Library Network Toul Kork Campus TK Primary Library Room(4th Floor), Bookcase 3&4, Shelves 17-32, Yellow Books 04/06/2023 5 GOI 551.55 QC941.G65 2023-0073 12/04/2024 11/27/2024 1 04/06/2023 Books
    Dewey Decimal Classification     Non-Fiction Footprints International School Library Network Toul Kork Campus Footprints International School Library Network Toul Kork Campus TK Primary Library Room(4th Floor), Bookcase 3&4, Shelves 17-32, Yellow Books 04/06/2023 8 GOI 551.55 QC941.G65 FISTK01167 02/25/2026 02/11/2026 3 04/06/2023 Books